Etica de la empresa: claves para una nueva cultura empresarial

Este libro ofrece rasgos de una nueva cultura de la empresa, situada en el nivel ético propio de las sociedades democráticas, que es un nivel dialógico. Desde el se ocupa en diseñar una ética económica de la empresa, hasta una asesoría ética.

Guardado en:
Detalles Bibliográficos
Otros Autores: Cortina, Adela
Formato: Libro
Lenguaje:Spanish
Publicado: Madrid: Editorial Trotta, 1996
Edición:2 ed.
Colección:Colección estructuras y procesos. Serie filosofía
Materias:
Acceso en línea:Enlace del recurso
Etiquetas: Agregar Etiqueta
Sin Etiquetas, Sea el primero en etiquetar este registro!

MARC

LEADER 00000nam a2200000 a 4500
001 000533
008 021204s1996 sp a fr# #000|0#spa#d
020 |a 84-8164-013-1 
041 0 |a spa 
043 |a e-sp--- 
082 0 4 |a 174.4  |b E731e 
245 0 0 |a Etica de la empresa:  |b claves para una nueva cultura empresarial   |c Adela Cortina ... [et al.] 
250 |a 2 ed. 
260 |a Madrid:  |b Editorial Trotta,  |c 1996 
300 |a 150 p.:  |b il., tabl. 
440 0 |a Colección estructuras y procesos. Serie filosofía 
504 |a Incluye bibliografía. 
520 3 |a Este libro ofrece rasgos de una nueva cultura de la empresa, situada en el nivel ético propio de las sociedades democráticas, que es un nivel dialógico. Desde el se ocupa en diseñar una ética económica de la empresa, hasta una asesoría ética. 
650 1 4 |a ÉTICA DE LOS NEGOCIOS 
650 1 4 |a ÉTICA 
700 1 |a Cortina, Adela 
999 |c 2685  |d 2685 
856 |u https://catalogo.idep.edu.co/cgi-bin/koha/opac-detail.pl?biblionumber=2685  |z Enlace del recurso